LIPPINCOTT,S ILLUSTRATED REWEIVS : BIOCHEMISTRY (Record no. 298)

MARC details
000 -LEADER
fixed length control field 00368nam a2200145Ia 4500
008 - FIXED-LENGTH DATA ELEMENTS--GENERAL INFORMATION
fixed length control field 150201s2008 xx 000 0 und d
082 ## - DEWEY DECIMAL CLASSIFICATION NUMBER
Classification number 612.015
Item number B08C
100 ## - MAIN ENTRY--PERSONAL NAME
Personal name CHAMPE, P.C.
245 ## - TITLE STATEMENT
Title LIPPINCOTT,S ILLUSTRATED REWEIVS : BIOCHEMISTRY
250 ## - EDITION STATEMENT
Edition statement 4TH
260 ## - PUBLICATION, DISTRIBUTION, ETC. (IMPRINT)
Name of publisher, distributor, etc. PHILADELPHIA
Place of publication, distribution, etc. DELHI
Date of publication, distribution, etc. 2008
300 ## - PHYSICAL DESCRIPTION
Extent 1-520
650 ## - SUBJECT ADDED ENTRY--TOPICAL TERM
Topical term or geographic name as entry element BIOCHEMISTRY
942 ## - ADDED ENTRY ELEMENTS (KOHA)
Source of classification or shelving scheme Dewey Decimal Classification
Koha item type Books
Koha issues (borrowed), all copies 23
Holdings
Withdrawn status Lost status Source of classification or shelving scheme Damaged status Not for loan Collection code Home library Current library Shelving location Date acquired Source of acquisition Cost, normal purchase price SGTU Bill Number Total Checkouts Full call number Barcode Date last seen Date last checked out Bill Date Koha item type
    Dewey Decimal Classification     MEDICAL SGT Medical Library SGT Medical Library Text Book 12/02/2010 U.B.S. DELHI 995.00 SGTU 950 7 612.015 B08C FM1474 25/11/2022 09/11/2022 16/03/2011 Books
    Dewey Decimal Classification     MEDICAL SGT Medical Library SGT Medical Library Text Book 12/02/2010 U.B.S. DELHI 995.00 SGTU 950 4 612.015 B08C FM1475 27/02/2024 21/11/2023 16/03/2011 Books
    Dewey Decimal Classification     MEDICAL SGT Medical Library SGT Medical Library Text Book 12/02/2010 U.B.S. DELHI 995.00 SGTU 950 10 612.015 B08C FM1476 06/02/2025 03/01/2025 16/03/2011 Books
    Dewey Decimal Classification     MEDICAL SGT Medical Library SGT Medical Library Text Book 12/02/2010 U.B.S. DELHI 995.00 SGTU 950 1 612.015 B08C FM1477 03/06/2019 03/06/2019 16/03/2011 Books
    Dewey Decimal Classification     MEDICAL SGT Medical Library SGT Medical Library Text Book 12/02/2010 U.B.S. DELHI 995.00 SGTU 950 13 612.015 B08C FM1478 26/08/2023 26/08/2023 16/03/2011 Books
    Dewey Decimal Classification     MEDICAL SGT Medical Library SGT Medical Library Text Book 12/02/2010 U.B.S. DELHI 995.00 SGTU 950 25 612.015 B08C FM1479 01/03/2025 17/02/2025 16/03/2011 Books